| 000 | 00501nam a2200181Ia 4500 | ||
|---|---|---|---|
| 003 | OSt | ||
| 005 | 20250816115145.0 | ||
| 008 | 210210b1961 xxu||||| |||| 00| 0 eng d | ||
| 040 | _cAL | ||
| 041 | _akan | ||
| 082 | _a851/229 | ||
| 100 |
_aNARAYANA _9159621 _dನಾರಾಯಣ |
||
| 245 |
_aUttara rama kathe bhaga 1: _bಉತ್ತರ ರಾಮಕಥೆ ಭಾಗ-೧ |
||
| 260 |
_aSuratkal _bVijaya Sahitya Male _c1961 |
||
| 690 |
_aKannada Poetry _9159622 |
||
| 906 | _a018247 | ||
| 942 |
_2ddc _cBK |
||
| 999 |
_c141371 _d141371 |
||